00471 a2200169 450000100060000002000180000604000240002410000210004824000310006924500260010030000070012636200090013365000310014294200070017395201040018099900170028470959 a9788526280410 cAnchieta - Itaigara aAnderson, Judith10aEra uma vez um girinolpor10aEra uma vez um girino a320 a2010 4aLiteratura infanto-juvenil cBK 00104070a88.1b88.1d2023-11-21l0o028.5 AND ERAp4893/ITAr2023-11-21 20:06:12w2023-11-21yBK c70959d70959